The Santaroga barrier /

Bibliographic Details
Main Author: Herbert, Frank
Format: Book
Language:English
Published: ©1968

MARC

Tag First Indicator Second Indicator Subfields
LEADER 00000cam a2200000 i 4500
001 in00000386621
005 20170418122908.0
008 860107c19771968nyu 00011 eng
010 |a  77001282  
020 |a 0399119442 :  |c $7.95 
035 |a (OCoLC)02799057 
035 |9 ABR9171AM 
040 |a DLC  |c DLC  |d TXA  |d UtOrBLW 
049 |a TXAM  |c [1435597] 
050 0 0 |a PZ4.H5356  |b San4  |a PS3558.E63 
050 0 0 |a PS3558.E63  |b S36 1968 
082 0 |a 813/.5/4 
100 1 |a Herbert, Frank. 
245 1 4 |a The Santaroga barrier /  |c Frank Herbert. 
264 2 |a New York :  |b Berkley Pub. Corp. : distributed by Putnam,  |c [1968] 
264 4 |c ©1968 
300 |a 255 pages ;  |c 23 cm. 
336 |a text  |b txt  |2 rdacontent 
337 |a unmediated  |b n  |2 rdamedia 
338 |a volume  |b nc  |2 rdacarrier 
999 |a MARS 
999 f f |s 96dd1a54-2c1e-3636-a674-ef7ef7a086af  |i 4af4b867-88e8-3f2c-9782-59e14ddc0333  |t 0 
952 f f |p ric  |a Texas A&M University  |b Rellis Campus  |c Joint Library Facility  |d Remote Storage  |t 0  |e PS3558.E63 S36 1968  |h Library of Congress classification  |i unmediated -- volume  |m A14804316777 
998 f f |a PS3558.E63 S36 1968  |t 0  |l Remote Storage